[Event "Senta City-ch"]
[Site "Senta"]
[Date "2020.02.07"]
[Round "6"]
[White "Sabo, Marko D"]
[Black "Piri Molnar Gabor, Angela"]
[Result "1-0"]
[WhiteElo "1432"]
[BlackElo "1397"]
[PlyCount "111"]
[EventDate "2020.01.27"]
[EventType "swiss"]
[EventRounds "9"]
[EventCountry "SRB"]
[SourceTitle "CBM 195 Extra"]
[Source "ChessBase"]
[SourceDate "2020.05.31"]
[SourceVersion "1"]
[SourceVersionDate "2020.05.31"]
[SourceQuality "1"]

1. e4 Nc6 2. d4 e5 3. Nf3 d6 4. dxe5 dxe5 5. Qxd8+ Kxd8 6. Bb5 Bg4 7. Nbd2 Bd6 8. Bxc6 bxc6 9. h3 Bxf3 10. Nxf3 Nf6 11. Bg5 Ke7 12. 0-0-0 h6 13. Bxf6+ Kxf6 14. Rd2 Rhd8 15. Rhd1 Ke6 16. Ne1 Rd7 17. Nd3 Rad8 18. a3 Be7 19. c4 Rd4 20. Nf4+ exf4 21. Rxd4 Rxd4 22. Rxd4 Bg5 23. f3 Bf6 24. Rd3 Be7 25. Rb3 Bc5 26. Rb7 Bb6 27. b4 c5 28. bxc5 Bxc5 29. Rxc7 Bxa3+ 30. Kc2 a5 31. Kb3 Bb4 32. Rb7 g6 33. Rxb4 axb4 34. Kxb4 Kd6 35. c5+ Kc6 36. Kc4 f6 37. Kd4 g5 38. e5 fxe5+ 39. Kxe5 Kxc5 40. Kf5 Kd4 41. Kg6 Ke3 42. Kxh6 Kf2 43. Kxg5 Kxg2 44. Kxf4 Kxh3 45. Ke5 Kg3 46. f4 Kg4 47. f5 Kg5 48. Ke6 Kh6 49. f6 Kh7 50. f7 Kg7 51. Ke7 Kh8 52. f8Q+ Kh7 53. Qf1 Kg7 54. Qg2+ Kh6 55. Kf6 Kh7 56. Qg7# 1-0

[Event "Senta City-ch"]
[Site "Senta"]
[Date "2020.01.29"]
[Round "2"]
[White "Piri Molnar Gabor, Angela"]
[Black "Farkas, Istvan1111"]
[Result "0-1"]
[WhiteElo "1397"]
[BlackElo "1597"]
[PlyCount "59"]
[EventDate "2020.01.27"]
[EventType "swiss"]
[EventRounds "9"]
[EventCountry "SRB"]
[SourceTitle "CBM 195 Extra"]
[Source "ChessBase"]
[SourceDate "2020.05.31"]
[SourceVersion "1"]
[SourceVersionDate "2020.05.31"]
[SourceQuality "1"]

1. d4 Nf6 2. c4 g6 3. Nc3 Bg7 4. Bg5 d6 5. h3 Nbd7 6. Nf3 0-0 7. e3 Nh5 8. g4 Nhf6 9. Bg2 Ne8 10. Nd5 f6 11. Bh4 e6 12. Nf4 Nb6 13. c5 dxc5 14. dxc5 Qxd1+ 15. Rxd1 Na4 16. Nd3 e5 17. 0-0 e4 18. b3 Nc3 19. Rd2 exd3 20. Nd4 c6 21. Bf3 Nc7 22. a4 N7d5 23. Rxd3 Nb4 24. Rd2 f5 25. Bg3 Na6 26. Bd6 Rf7 27. Be2 fxg4 28. Bc4 gxh3 29. Bxf7+ Kxf7 30. f4 0-1